Big 4 US Sports Cities Quiz Stats

 Plays Quiz Updated May 5, 2017

Support Sporcle.
Go Orange.
Score 0/13 Timer 03:00
132 Plays Today
% Correct
New York City
97.7%
Los Angeles
91.5%
Dallas-Fort Worth
90%
Chicago
86.9%
Miami
86.8%
Boston
85.1%
Detroit
75.8%
Philadelphia
74.9%
Denver
70.5%
Washington, D.C.
68.9%
San Francisco Bay Area
68.5%
Phoenix
64.2%
Minneapolis-St. Paul
58%

From the Vault

Christmas Characters by First Names

by Noldeh

Holiday 5m
Their Christmas present for you was allowing you to be on a first name basis with them.
Remove Ads.
Support Sporcle.
Get the best of Sporcle when you Go Orange. This ad-free experience offers more features, more stats, and more fun while also helping to support Sporcle. Thank you for becoming a member.

Show Comments

Extras

Top Quizzes Today


Score Distribution

Your Account Isn't Verified!

In order to create a playlist on Sporcle, you need to verify the email address you used during registration. Go to your Sporcle Settings to finish the process.

Report this User

Report this user for behavior that violates our Community Guidelines.

Details: